000
00298nam a2200133Ia 4500
005
20251222143318.0
008
251222s9999||||xx |||||||||||||| ||spa||
020
_a
84-96118-07-X
082
_a
848.94/S26
100
_a
Sartre, Jean Paul
245
0
_a
La NĂ¡usea
264
_b
Sol 90
942
_c
LIB
999
_c
15967
_d
15967